| 000 | 00697nam a22001937a 4500 | ||
|---|---|---|---|
| 003 | BD-DhUL | ||
| 005 | 20210302114548.0 | ||
| 008 | 160908s2011 bg ||||| |||| 00| 0 ben | ||
| 020 | _a9789848765036 | ||
| 040 |
_aBD-DhUL _cBD-DhUL |
||
| 082 |
_a954.92 _bRAB |
||
| 100 | 1 | _aরফিক, আহমদ | |
| 245 | 1 | 0 |
_aভাষা আন্দোলন : _cআহমদ রফিক _bসংক্ষিপ্ত ভাষ্যে / |
| 260 |
_aঢাকা : _bপ্রথমা প্রকাশন, _c২০০৯। |
||
| 300 |
_a৮৬ পৃ. ; _c ২০ সেমি. |
||
| 651 | 0 |
_aবাংলাদেশ _xইতিহাস |
|
| 651 | 0 |
_aBangladesh _xHistory |
|
| 942 |
_2ddc _cBK |
||
| 999 |
_c104958 _d104958 |
||